000 01103nam a2200289 i 4500
001 166447
003 ES-MaACL
005 20250928105547.0
008 050915s1898 phla |||| | spa d
040 _aCAM
_bspa
_cCAM
080 _a398.2(599)
100 1 _aToral, Juan.
_9133298
245 1 0 _aTradiciones filipinas /
_cJuan y José Toral ; [ilustraciones, P. Olivella y V. Tur].
260 _aManila :
_b[s.n.],
_c1898 (
_fImp. Litogr. Partier)
300 _a233 p. :
_bil. ;
_c19 cm.
530 _aDisponible en formato digital.
594 _aLos il. tomados de la cub. original.
597 _aPort. ilustrada a color.
650 4 _aLeyendas-
_zFilipinas.
_9159962
700 1 _aToral, José,
_d1874-1935
_9159961
700 1 _aOlivella, P.,
_eil.
_9130625
700 1 _aTur, V.,
_eil.
_9133414
752 _aFilipinas -
_dManila
852 _aES-MaACL
_jG-13492
_z- Enc. editorial en tela estampada: "P. Olivella"
_z. - Dedicatoria autógrafa de los autores
856 _uhttp://bdh-rd.bne.es/viewer.vm?id=0000114719&page=1
_zBiblioteca Digital Hispánica
999 _c166447
_d166447